| 000 | 00820nam a2200229 a 4500 | ||
|---|---|---|---|
| 001 | 47931 | ||
| 003 | BD-RjUL | ||
| 005 | 20211209054427.0 | ||
| 008 | 160811s2009 bg ||||| |||| 00| 0 ben d | ||
| 020 | _c: Tk.180.00 | ||
| 035 | _a(BD-RjUL)48050 | ||
| 040 |
_aBD-RjUL _bben _cBD-RjUL |
||
| 041 | _aben | ||
| 082 |
_223 _a892.709 _bSAA 2009 |
||
| 100 | 1 |
_aছালাম, এস. এম. আব্দুছ _9145455 |
|
| 245 | 1 | 0 |
_aআরবী সাহিত্য প্রতিভা / _cএস. এম. আব্দুছ ছালাম, |
| 260 |
_aরাজশাহী : _bছালেহা প্রকাশনী, _c২০০৯ |
||
| 300 |
_a২৩২ পৃ. ; _c২০ সেমি. |
||
| 650 |
_aআরবী সহিত্য _9145447 |
||
| 650 |
_aArabic literature _9145456 |
||
| 942 |
_2ddc _cBK _01 |
||
| 999 |
_c47931 _d47931 |
||